00363pab a2200121 454500008004000000100001400040245007400054260000900128300000900137650004100146700001500187773003900202180718b1989 xxu||||| |||| 00| 0 eng d aLeela, P. aInter - district variations in the consumption of fertilizers in A.P. c1989 a1-11 aFertilizers - India - Andhra Pradesh aP.V. Sarma aIndian Journal of Regional Science